| 000 | 00588nam a2200205 u 4500 | ||
|---|---|---|---|
| 005 | 20210223131407.0 | ||
| 008 | 101011s2006 r 000 0 eng d | ||
| 020 | _a9962652219 | ||
| 035 | _aUPN01000178114 | ||
| 049 | _aI | ||
| 050 | 4 |
_aPZ73 _bC3.7 |
|
| 100 | 1 |
_aCastro Soto, Claudio de, _d1958- _933131 |
|
| 245 | 1 | 3 |
_aEl cangrejo azul / _cClaudio de Castro ; il. Heriberto Valdés. |
| 260 |
_aPanamá : _bNorma, _c2006. |
||
| 300 |
_a52 p. : _bil. |
||
| 440 | 0 |
_aTorre de papel. _pAzul |
|
| 650 | 4 |
_aCUENTOS INFANTILES PANAMEÑOS _915442 |
|
| 905 | _aInfantil | ||
| 999 |
_c150217 _d150217 |
||